00469 a2200169 450000100060000002000180000604000220002410000180004624000240006424500190008830000080010736200090011565000350012494200070015995201160016699900170028259644 a9783785556993 cAnchieta - Pituba aAbedi, Isabel10aVerbotene weltlpor10aVerbotene welt a4620 a2006 4aLiteratura juvenil em alemàƒo cBK 00104070a91.1b91.1d2023-11-21l0oLJ 028.543 A138v ABE VERp11033/PITr2023-11-21 18:27:42w2023-11-21yBK c59644d59644